[Event "WCO 2016"]
[Site "?"]
[Date "2016.09.11"]
[Round "9"]
[Board "1"]
[WhiteID "937266"]
[White "Rapport Jovana"]
[BlackID "4641833"]
[Black "Paehtz Elisabeth"]
[Result "1/2-1/2"]
[BlackElo "2474"]
[WhiteElo "2318"]
[LiveChessVersion "1.4.8"]

1. c4 {[%clk 1:30:55]} b6 {[%clk 1:29:19]} 2. Nf3 {[%clk 1:31:17]} Bb7
{[%clk 1:29:44]} 3. g3 {[%clk 1:31:43]} e5 {[%clk 1:26:38]} 4. Bg2
{[%clk 1:28:17]} Nf6 {[%clk 1:12:34]} 5. O-O {[%clk 1:25:52]} d6 {[%clk 1:10:01]}
6. e3 {[%clk 1:22:55]} Nbd7 {[%clk 1:06:11]} 7. d4 {[%clk 1:20:37]} Be7
{[%clk 1:04:20]} 8. b3 {[%clk 1:11:04]} c6 {[%clk 1:02:51]} 9. dxe5
{[%clk 1:07:50]} dxe5 {[%clk 1:03:15]} 10. Bb2 {[%clk 1:07:23]} Qc7
{[%clk 1:03:39]} 11. Nc3 {[%clk 1:07:29]} O-O {[%clk 1:02:21]} 12. Qc2
{[%clk 1:07:55]} Rfe8 {[%clk 1:02:09]} 13. Rfd1 {[%clk 1:07:57]} Bf8
{[%clk 1:01:55]} 14. Rd2 {[%clk 1:05:29]} Nc5 {[%clk 0:54:49]} 15. Ng5
{[%clk 1:01:30]} Rad8 {[%clk 0:46:11]} 16. Rad1 {[%clk 0:59:55]} Rxd2
{[%clk 0:46:36]} 17. Rxd2 {[%clk 0:55:43]} Rd8 {[%clk 0:41:03]} 18. b4
{[%clk 0:53:40]} Rxd2 {[%clk 0:41:23]} 19. Qxd2 {[%clk 0:54:05]} Ncd7
{[%clk 0:40:55]} 20. a3 {[%clk 0:52:08]} a5 {[%clk 0:36:10]} 21. Nce4
{[%clk 0:44:33]} axb4 {[%clk 0:34:50]} 22. axb4 {[%clk 0:44:58]} Ba6
{[%clk 0:22:52]} 23. Bf1 {[%clk 0:42:57]} Bb7 {[%clk 0:16:01]} 24. Nxf6+
{[%clk 0:34:43]} Nxf6 {[%clk 0:16:15]} 25. Nf3 {[%clk 0:33:55]} c5
{[%clk 0:14:12]} 26. Nxe5 {[%clk 0:32:20]} cxb4 {[%clk 0:14:24]} 27. Bg2
{[%clk 0:31:16]} Bxg2 {[%clk 0:14:24]} 28. Kxg2 {[%clk 0:31:40]} h6
{[%clk 0:09:43]} 29. Qd4 {[%clk 0:29:59]} Bc5 {[%clk 0:08:35]} 30. Qd3
{[%clk 0:29:03]} Qb7+ {[%clk 0:08:05]} 31. Nf3 {[%clk 0:29:10]} Qe7
{[%clk 0:07:24]} 32. Qf5 {[%clk 0:29:09]} Qe4 {[%clk 0:07:01]} 33. Qxe4
{[%clk 0:27:38]} Nxe4 {[%clk 0:07:28]} 34. Kf1 {[%clk 0:28:04]} Nd6
{[%clk 0:03:09]} 35. Nd2 {[%clk 0:28:22]} f6 {[%clk 0:01:54]} 36. Ke2
{[%clk 0:28:45]} Kf7 {[%clk 0:02:15]} 37. Kd3 {[%clk 0:29:00]} Ke6
{[%clk 0:01:47]} 38. Nb3 {[%clk 0:27:06]} h5 {[%clk 0:00:46]} 39. Bd4
{[%clk 0:24:53]} Nb7 {[%clk 0:00:59]} 40. h3 {[%clk 0:48:08]} Kf7
{[%clk 0:30:51]} 41. g4 {[%clk 0:47:21]} hxg4 {[%clk 0:31:16]} 42. hxg4
{[%clk 0:47:49]} g6 {[%clk 0:25:37]} 43. f4 {[%clk 0:37:22]} f5 {[%clk 0:25:32]}
44. g5 {[%clk 0:37:00]} Ke6 {[%clk 0:25:12]} 45. Nd2 {[%clk 0:34:53]} Na5
{[%clk 0:25:16]} 46. Nf3 {[%clk 0:35:10]} Nc6 {[%clk 0:24:22]} 47. Kc2
{[%clk 0:28:59]} Kf7 {[%clk 0:23:11]} 48. Kd2 {[%clk 0:27:13]} Ke6
{[%clk 0:23:21]} 49. Kd3 {[%clk 0:27:36]} Kf7 {[%clk 0:23:07]} 50. Bb2
{[%clk 0:26:38]} Bd6 {[%clk 0:22:09]} 51. Bd4 {[%clk 0:23:46]} Bc5
{[%clk 0:22:34]} 52. Nd2 {[%clk 0:21:37]} Na5 {[%clk 0:21:56]} 53. Kc2
{[%clk 0:18:26]} Ke6 {[%clk 0:21:26]} 54. Kd3 {[%clk 0:18:37]} Kf7
{[%clk 0:21:42]} 1/2-1/2

[Event "WCO 2016"]
[Site "?"]
[Date "2016.09.11"]
[Round "9"]
[Board "2"]
[WhiteID "1106686"]
[White "Michna Marta"]
[BlackID "913553"]
[Black "Velikic Adela"]
[Result "1-0"]
[BlackElo "2260"]
[WhiteElo "2383"]
[LiveChessVersion "1.4.8"]

1. b3 {[%clk 1:30:54]} Nf6 {[%clk 1:30:11]} 2. Bb2 {[%clk 1:31:19]} g6
{[%clk 1:30:39]} 3. e4 {[%clk 1:28:24]} d6 {[%clk 1:29:27]} 4. d3
{[%clk 1:25:07]} Bg7 {[%clk 1:29:36]} 5. Nd2 {[%clk 1:25:33]} O-O
{[%clk 1:28:00]} 6. g3 {[%clk 1:20:27]} c5 {[%clk 1:24:33]} 7. Bg2
{[%clk 1:20:30]} Nc6 {[%clk 1:24:51]} 8. Ne2 {[%clk 1:19:14]} Bd7
{[%clk 1:20:03]} 9. O-O {[%clk 1:17:33]} b5 {[%clk 1:17:00]} 10. Rb1
{[%clk 1:12:45]} a5 {[%clk 1:13:10]} 11. a4 {[%clk 1:09:14]} bxa4
{[%clk 1:10:38]} 12. bxa4 {[%clk 1:09:40]} Rb8 {[%clk 1:10:43]} 13. Nc4
{[%clk 1:08:54]} Qc8 {[%clk 0:55:27]} 14. e5 {[%clk 0:59:19]} dxe5
{[%clk 0:44:54]} 15. Bxe5 {[%clk 0:50:22]} Nxe5 {[%clk 0:38:35]} 16. Nxe5
{[%clk 0:50:49]} Rb4 {[%clk 0:34:21]} 17. Nc3 {[%clk 0:44:39]} Ne4
{[%clk 0:24:31]} 18. Nd5 {[%clk 0:44:31]} Rxb1 {[%clk 0:06:49]} 19. Qxb1
{[%clk 0:34:48]} Re8 {[%clk 0:01:19]} 20. Nxd7 {[%clk 0:32:52]} Nd2
{[%clk 0:01:43]} 21. Qb5 {[%clk 0:31:16]} Nxf1 {[%clk 0:01:32]} 22. Kxf1
{[%clk 0:25:06]} Bd4 {[%clk 0:01:41]} 23. c3 {[%clk 0:24:53]} Bg7
{[%clk 0:01:53]} 24. N5b6 {[%clk 0:23:31]} 1-0

[Event "WCO 2016"]
[Site "?"]
[Date "2016.09.11"]
[Round "9"]
[Board "3"]
[WhiteID "938238"]
[White "Eric Jovana"]
[BlackID "14200686"]
[Black "Levushkina Elena"]
[Result "1/2-1/2"]
[BlackElo "2342"]
[WhiteElo "2161"]
[LiveChessVersion "1.4.8"]

1. e4 {[%clk 1:30:57]} e5 {[%clk 1:30:51]} 2. Nf3 {[%clk 1:31:21]} Nc6
{[%clk 1:31:16]} 3. Bc4 {[%clk 1:31:39]} Bc5 {[%clk 1:31:40]} 4. c3
{[%clk 1:31:53]} Nf6 {[%clk 1:32:06]} 5. d3 {[%clk 1:32:15]} a6 {[%clk 1:32:15]}
6. Bb3 {[%clk 1:32:17]} Ba7 {[%clk 1:32:21]} 7. O-O {[%clk 1:32:22]} d6
{[%clk 1:32:40]} 8. h3 {[%clk 1:32:16]} O-O {[%clk 1:28:58]} 9. Nbd2
{[%clk 1:30:48]} Be6 {[%clk 1:25:23]} 10. Re1 {[%clk 1:28:42]} Re8
{[%clk 1:25:46]} 11. Nh2 {[%clk 1:24:21]} d5 {[%clk 1:09:26]} 12. Qf3
{[%clk 1:22:48]} Qd7 {[%clk 0:51:15]} 13. Bc2 {[%clk 1:19:15]} Ne7
{[%clk 0:42:23]} 14. Ndf1 {[%clk 1:16:24]} Kh8 {[%clk 0:35:34]} 15. Bg5
{[%clk 1:13:34]} Nfg8 {[%clk 0:35:00]} 16. exd5 {[%clk 1:06:55]} Bxd5
{[%clk 0:34:30]} 17. Qh5 {[%clk 1:06:24]} Qf5 {[%clk 0:32:35]} 18. Ne3
{[%clk 0:36:38]} Bxe3 {[%clk 0:27:59]} 19. fxe3 {[%clk 0:37:03]} h6
{[%clk 0:23:39]} 20. h4 {[%clk 0:23:48]} Nf6 {[%clk 0:20:09]} 21. Qe2
{[%clk 0:24:13]} hxg5 {[%clk 0:20:08]} 22. e4 {[%clk 0:24:39]} Qg6
{[%clk 0:17:11]} 23. hxg5 {[%clk 0:22:17]} Qxg5 {[%clk 0:13:53]} 24. exd5
{[%clk 0:22:43]} Ng6 {[%clk 0:12:54]} 25. Nf3 {[%clk 0:21:36]} Qg3
{[%clk 0:12:26]} 26. Qf2 {[%clk 0:18:38]} Qf4 {[%clk 0:10:36]} 27. g3
{[%clk 0:16:25]} Qg4 {[%clk 0:09:28]} 28. Nh2 {[%clk 0:15:56]} Qg5
{[%clk 0:08:29]} 29. Nf3 {[%clk 0:14:34]} Qg4 {[%clk 0:08:36]} 30. Nh2
{[%clk 0:14:22]} Qd7 {[%clk 0:08:18]} 31. c4 {[%clk 0:14:29]} Kg8
{[%clk 0:08:01]} 32. Re2 {[%clk 0:14:04]} c6 {[%clk 0:06:31]} 33. dxc6
{[%clk 0:14:06]} Qxc6 {[%clk 0:06:55]} 34. Rf1 {[%clk 0:13:43]} Re7
{[%clk 0:06:43]} 35. d4 {[%clk 0:11:31]} e4 {[%clk 0:06:08]} 36. b3
{[%clk 0:11:35]} Qc7 {[%clk 0:04:28]} 37. Rfe1 {[%clk 0:10:38]} Rae8
{[%clk 0:04:24]} 38. Nf1 {[%clk 0:07:41]} Qd6 {[%clk 0:02:14]} 39. Rd1
{[%clk 0:05:23]} b6 {[%clk 0:01:25]} 40. Ne3 {[%clk 0:35:37]} Qe6
{[%clk 0:30:48]} 41. Qf5 {[%clk 0:31:59]} Rd8 {[%clk 0:20:52]} 42. Qxe6
{[%clk 0:29:19]} Rxe6 {[%clk 0:19:57]} 43. Nf5 {[%clk 0:29:20]} Nf8
{[%clk 0:13:26]} 44. Rde1 {[%clk 0:23:24]} g6 {[%clk 0:12:45]} 45. d5
{[%clk 0:23:50]} Re5 {[%clk 0:10:48]} 46. Nd4 {[%clk 0:24:02]} Rg5
{[%clk 0:10:51]} 47. Bxe4 {[%clk 0:21:29]} Rxg3+ {[%clk 0:10:05]} 48. Kf2
{[%clk 0:20:17]} Rg5 {[%clk 0:09:11]} 49. Bf3 {[%clk 0:19:32]} N8d7
{[%clk 0:07:45]} 50. Nc6 {[%clk 0:18:44]} Rf8 {[%clk 0:07:59]} 51. b4
{[%clk 0:17:15]} Kg7 {[%clk 0:07:22]} 52. Ne5 {[%clk 0:11:03]} Nxe5
{[%clk 0:05:58]} 53. Rxe5 {[%clk 0:11:28]} Rxe5 {[%clk 0:06:26]} 54. Rxe5
{[%clk 0:11:54]} Rc8 {[%clk 0:06:40]} 55. Be2 {[%clk 0:11:05]} Rxc4
{[%clk 0:03:59]} 56. Bxc4 {[%clk 0:11:29]} Ng4+ {[%clk 0:04:26]} 57. Ke2
{[%clk 0:11:54]} Nxe5 {[%clk 0:04:53]} 58. Bxa6 {[%clk 0:12:19]} Kf6
{[%clk 0:05:02]} 59. a4 {[%clk 0:10:27]} Ke7 {[%clk 0:05:02]} 60. Ke3
{[%clk 0:09:50]} Kd6 {[%clk 0:05:04]} 61. Kd4 {[%clk 0:10:09]} f6
{[%clk 0:04:56]} 62. a5 {[%clk 0:10:16]} Kc7 {[%clk 0:04:08]} 63. Be2
{[%clk 0:09:58]} bxa5 {[%clk 0:03:45]} 64. bxa5 {[%clk 0:10:23]} g5
{[%clk 0:03:18]} 65. Ke4 {[%clk 0:10:32]} g4 {[%clk 0:02:43]} 66. Kf4
{[%clk 0:09:31]} Kb7 {[%clk 0:02:19]} 67. d6 {[%clk 0:08:21]} Kc6
{[%clk 0:01:59]} 68. a6 {[%clk 0:08:05]} Kb6 {[%clk 0:02:17]} 69. Bf1
{[%clk 0:06:39]} Ka7 {[%clk 0:01:50]} 70. Kf5 {[%clk 0:06:26]} g3
{[%clk 0:02:02]} 71. Kxf6 {[%clk 0:06:13]} Nd7+ {[%clk 0:01:35]} 72. Ke6
{[%clk 0:05:15]} Nb6 {[%clk 0:01:29]} 73. Ke5 {[%clk 0:04:44]} g2
{[%clk 0:01:46]} 74. Bxg2 {[%clk 0:05:08]} Nc4+ {[%clk 0:02:02]} 75. Ke6
{[%clk 0:05:21]} Nxd6 {[%clk 0:02:26]} 76. Kxd6 {[%clk 0:05:48]} Kxa6
{[%clk 0:02:52]} 1/2-1/2

[Event "WCO 2016"]
[Site "?"]
[Date "2016.09.11"]
[Round "9"]
[Board "4"]
[WhiteID "24605611"]
[White "Fuchs Judith"]
[BlackID "928879"]
[Black "Drljevic Ljilja"]
[Result "1-0"]
[BlackElo "2207"]
[WhiteElo "2287"]
[LiveChessVersion "1.4.8"]

1. e4 {[%clk 1:30:57]} g6 {[%clk 1:30:58]} 2. d4 {[%clk 1:31:16]} Bg7
{[%clk 1:31:24]} 3. Nc3 {[%clk 1:31:39]} d6 {[%clk 1:31:47]} 4. Be3
{[%clk 1:32:00]} a6 {[%clk 1:31:33]} 5. f4 {[%clk 1:32:17]} Nf6 {[%clk 1:30:08]}
6. h3 {[%clk 1:29:08]} O-O {[%clk 1:26:14]} 7. Nf3 {[%clk 1:27:49]} b5
{[%clk 1:25:30]} 8. a3 {[%clk 1:27:14]} Bb7 {[%clk 1:24:26]} 9. Bd3
{[%clk 1:26:52]} Qc8 {[%clk 1:19:11]} 10. O-O {[%clk 1:21:17]} Nbd7
{[%clk 1:17:36]} 11. Qe1 {[%clk 1:15:25]} c5 {[%clk 1:14:51]} 12. e5
{[%clk 1:01:08]} Ne8 {[%clk 1:07:53]} 13. Kh1 {[%clk 0:47:38]} cxd4
{[%clk 1:03:03]} 14. Bxd4 {[%clk 0:47:19]} dxe5 {[%clk 1:02:08]} 15. fxe5
{[%clk 0:45:08]} Nc7 {[%clk 0:58:53]} 16. Be4 {[%clk 0:35:45]} Rb8
{[%clk 0:38:51]} 17. Rd1 {[%clk 0:29:43]} Ne6 {[%clk 0:34:53]} 18. Bxb7
{[%clk 0:26:57]} Rxb7 {[%clk 0:32:54]} 19. Nd5 {[%clk 0:25:03]} Nb8
{[%clk 0:27:49]} 20. Bc3 {[%clk 0:24:44]} Nc6 {[%clk 0:26:37]} 21. Nb4
{[%clk 0:21:17]} Nxb4 {[%clk 0:21:51]} 22. axb4 {[%clk 0:21:33]} Rc7
{[%clk 0:21:50]} 23. Qe3 {[%clk 0:18:34]} Rc4 {[%clk 0:20:28]} 24. Nd2
{[%clk 0:17:33]} Rh4 {[%clk 0:20:18]} 25. Qg3 {[%clk 0:15:49]} Rh5
{[%clk 0:20:22]} 26. Nf3 {[%clk 0:12:51]} Qc4 {[%clk 0:17:22]} 27. Nd2
{[%clk 0:10:10]} Qc6 {[%clk 0:17:10]} 28. Nf3 {[%clk 0:07:14]} Qe4
{[%clk 0:12:52]} 29. Rd3 {[%clk 0:06:40]} Bh6 {[%clk 0:08:10]} 30. Re1
{[%clk 0:05:29]} Qc4 {[%clk 0:07:28]} 31. Nd2 {[%clk 0:04:11]} Qc7
{[%clk 0:04:39]} 32. Rf1 {[%clk 0:03:54]} Rd8 {[%clk 0:03:14]} 33. Qf2
{[%clk 0:01:56]} Rf5 {[%clk 0:02:56]} 34. Rf3 {[%clk 0:01:57]} Rxf3
{[%clk 0:00:47]} 35. Qxf3 {[%clk 0:01:36]} Rf8 {[%clk 0:00:34]} 36. Ne4
{[%clk 0:01:30]} Qc4 {[%clk 0:00:41]} 37. Rd1 {[%clk 0:01:09]} Bg7
{[%clk 0:00:33]} 38. Qd3 {[%clk 0:01:07]} Qc7 {[%clk 0:00:48]} 39. Qg3
{[%clk 0:00:56]} Bh6 {[%clk 0:00:44]} 40. Rf1 {[%clk 0:30:45]} Qc4
{[%clk 0:30:36]} 41. Qf3 {[%clk 0:26:05]} Qc7 {[%clk 0:15:18]} 42. Re1
{[%clk 0:21:27]} Qc4 {[%clk 0:12:42]} 43. Rf1 {[%clk 0:18:38]} Ng5
{[%clk 0:03:54]} 44. Nxg5 {[%clk 0:18:26]} Bxg5 {[%clk 0:04:22]} 45. Rd1
{[%clk 0:17:36]} Rc8 {[%clk 0:03:00]} 46. Qb7 {[%clk 0:15:16]} Qe6
{[%clk 0:02:25]} 47. Qd7 {[%clk 0:12:44]} Rc6 {[%clk 0:01:52]} 48. Qe8+
{[%clk 0:10:10]} Kg7 {[%clk 0:02:21]} 49. Rd8 {[%clk 0:07:14]} Kh6
{[%clk 0:02:49]} 50. Qf8+ {[%clk 0:05:56]} Kh5 {[%clk 0:03:17]} 51. Be1
{[%clk 0:03:34]} Bf4 {[%clk 0:03:07]} 52. Qg7 {[%clk 0:02:32]} Qxe5
{[%clk 0:00:44]} 53. Qxh7+ {[%clk 0:02:16]} Kg5 {[%clk 0:00:36]} 54. Bh4+
{[%clk 0:01:27]} Kf5 {[%clk 0:01:05]} 55. Qxf7+ {[%clk 0:01:52]} Ke4
{[%clk 0:00:43]} 56. Qb3 {[%clk 0:01:35]} Rd6 {[%clk 0:00:38]} 57. Qf3+
{[%clk 0:01:53]} Kf5 {[%clk 0:00:48]} 58. Qg4+ {[%clk 0:01:51]} Ke4
{[%clk 0:01:14]} 59. Qf3+ {[%clk 0:02:19]} Kf5 {[%clk 0:01:42]} 60. Rf8+
{[%clk 0:02:38]} Rf6 {[%clk 0:01:10]} 61. g4+ {[%clk 0:02:14]} Ke6
{[%clk 0:01:35]} 62. Qc6+ {[%clk 0:02:29]} Qd6 {[%clk 0:02:02]} 63. Qxd6+
{[%clk 0:02:22]} Bxd6 {[%clk 0:02:22]} 64. Bxf6 {[%clk 0:02:46]} exf6
{[%clk 0:02:45]} 65. Ra8 {[%clk 0:02:46]} Bxb4 66. Rxa6+ {[%clk 0:03:09]} Bd6
{[%clk 0:02:42]} 67. h4 {[%clk 0:02:12]} Ke7 {[%clk 0:01:48]} 68. Rb6
{[%clk 0:02:18]} b4 {[%clk 0:02:09]} 69. h5 {[%clk 0:02:25]} 1-0

[Event "WCO 2016"]
[Site "?"]
[Date "2016.09.11"]
[Round "9"]
[Board "5"]
[WhiteID "4900782"]
[White "Nomin-Erdene Davaademberel"]
[BlackID "5212499"]
[Black "Frayna Janelle Mae"]
[Result "1/2-1/2"]
[BlackElo "2281"]
[WhiteElo "2422"]
[LiveChessVersion "1.4.8"]

1. e4 {[%clk 1:30:59]} e6 {[%clk 1:30:46]} 2. d4 {[%clk 1:31:24]} d5
{[%clk 1:31:10]} 3. Nc3 {[%clk 1:31:48]} Bb4 {[%clk 1:31:34]} 4. e5
{[%clk 1:32:07]} c5 {[%clk 1:31:59]} 5. a3 {[%clk 1:32:33]} Bxc3+
{[%clk 1:32:17]} 6. bxc3 {[%clk 1:32:57]} Ne7 {[%clk 1:32:23]} 7. Qg4
{[%clk 1:32:30]} cxd4 {[%clk 1:32:19]} 8. Qxg7 {[%clk 1:31:09]} Rg8
{[%clk 1:32:40]} 9. Qxh7 {[%clk 1:31:36]} Qc7 {[%clk 1:32:43]} 10. Ne2
{[%clk 1:31:41]} Nbc6 {[%clk 1:28:15]} 11. f4 {[%clk 1:31:18]} dxc3
{[%clk 1:28:40]} 12. Qd3 {[%clk 1:31:18]} Bd7 {[%clk 1:24:20]} 13. h4
{[%clk 1:22:49]} O-O-O {[%clk 1:13:03]} 14. h5 {[%clk 1:12:36]} d4
{[%clk 1:07:31]} 15. g3 {[%clk 0:48:01]} Nf5 {[%clk 0:48:42]} 16. Rg1
{[%clk 0:42:30]} Qb6 {[%clk 0:45:10]} 17. g4 {[%clk 0:38:37]} Nfe7
{[%clk 0:44:38]} 18. Rg3 {[%clk 0:36:48]} Kb8 {[%clk 0:38:39]} 19. Bg2
{[%clk 0:34:27]} Be8 {[%clk 0:37:37]} 20. Be4 {[%clk 0:33:31]} Na5
{[%clk 0:35:24]} 21. a4 {[%clk 0:30:24]} Bc6 {[%clk 0:34:54]} 22. Ba3
{[%clk 0:25:13]} Bxe4 {[%clk 0:33:17]} 23. Qxe4 {[%clk 0:25:38]} Nec6
{[%clk 0:33:26]} 24. Qd3 {[%clk 0:23:39]} Nb4 {[%clk 0:32:02]} 25. Bxb4
{[%clk 0:23:00]} Qxb4 {[%clk 0:32:25]} 26. Qb5 {[%clk 0:22:14]} Qxb5
{[%clk 0:29:13]} 27. axb5 {[%clk 0:22:39]} Nc4 {[%clk 0:29:40]} 28. g5
{[%clk 0:16:52]} Ne3 {[%clk 0:13:58]} 29. Ra2 {[%clk 0:11:45]} Nf5
{[%clk 0:08:19]} 30. Rd3 {[%clk 0:11:24]} Rd5 {[%clk 0:06:02]} 31. Ra4
{[%clk 0:06:26]} Rgd8 {[%clk 0:05:44]} 32. Kd1 {[%clk 0:05:34]} Kc7
{[%clk 0:04:49]} 33. Kc1 {[%clk 0:04:44]} Kb6 {[%clk 0:04:23]} 1/2-1/2

[Event "WCO 2016"]
[Site "?"]
[Date "2016.09.11"]
[Round "9"]
[Board "6"]
[WhiteID "5204585"]
[White "Fronda Jan Jodilyn"]
[BlackID "4900839"]
[Black "Batchimeg Tuvshintugs"]
[Result "0-1"]
[BlackElo "2391"]
[WhiteElo "2128"]
[LiveChessVersion "1.4.8"]

1. e4 {[%clk 1:30:33]} e5 {[%clk 1:30:50]} 2. Nf3 {[%clk 1:30:51]} Nc6
{[%clk 1:31:15]} 3. d4 {[%clk 1:30:43]} exd4 {[%clk 1:31:32]} 4. Nxd4
{[%clk 1:31:07]} Bb4+ {[%clk 1:31:44]} 5. c3 {[%clk 1:31:10]} Bc5
{[%clk 1:32:10]} 6. Be3 {[%clk 1:31:33]} Bb6 {[%clk 1:32:25]} 7. Bc4
{[%clk 1:28:32]} Nf6 {[%clk 1:31:02]} 8. Nd2 {[%clk 1:27:34]} O-O
{[%clk 1:30:15]} 9. O-O {[%clk 1:27:20]} Nxd4 {[%clk 1:30:11]} 10. cxd4
{[%clk 1:24:07]} d5 {[%clk 1:29:58]} 11. exd5 {[%clk 1:20:31]} Nxd5
{[%clk 1:29:38]} 12. Qb3 {[%clk 1:20:35]} Be6 {[%clk 1:27:13]} 13. Nf3
{[%clk 1:17:36]} Nxe3 {[%clk 1:16:10]} 14. fxe3 {[%clk 1:17:57]} Bxc4
{[%clk 1:16:06]} 15. Qxc4 {[%clk 1:18:23]} Qe7 {[%clk 1:16:04]} 16. Ne5
{[%clk 1:15:50]} c5 {[%clk 1:15:07]} 17. Rae1 {[%clk 1:09:25]} Rac8
{[%clk 1:03:34]} 18. Qa4 {[%clk 1:06:45]} cxd4 {[%clk 0:55:30]} 19. exd4
{[%clk 1:05:18]} Qd6 {[%clk 0:54:22]} 20. Nf3 {[%clk 1:03:10]} Rfd8
{[%clk 0:46:37]} 21. Kh1 {[%clk 1:03:06]} Qc6 {[%clk 0:33:38]} 22. Qb3
{[%clk 0:57:47]} Qc4 {[%clk 0:30:06]} 23. Qxc4 {[%clk 0:49:20]} Rxc4
{[%clk 0:30:31]} 24. Re7 {[%clk 0:49:44]} Rc7 {[%clk 0:25:17]} 25. Rxc7
{[%clk 0:45:45]} Bxc7 {[%clk 0:25:44]} 26. Kg1 {[%clk 0:46:02]} Bb6
{[%clk 0:25:31]} 27. Rd1 {[%clk 0:46:26]} f6 {[%clk 0:20:45]} 28. Kf2
{[%clk 0:46:45]} Re8 {[%clk 0:20:43]} 29. Rd3 {[%clk 0:42:33]} Re4
{[%clk 0:20:11]} 30. Kf1 {[%clk 0:38:07]} Kf7 {[%clk 0:15:20]} 31. b3
{[%clk 0:30:18]} g5 {[%clk 0:15:12]} 32. h3 {[%clk 0:29:27]} Ke6 {[%clk 0:12:59]}
33. d5+ {[%clk 0:28:43]} Kd6 {[%clk 0:12:53]} 34. Nd2 {[%clk 0:23:45]} Rd4
{[%clk 0:08:40]} 35. Nc4+ {[%clk 0:24:05]} Kxd5 {[%clk 0:08:36]} 36. Nxb6+
{[%clk 0:22:27]} axb6 {[%clk 0:09:02]} 37. Rc3 {[%clk 0:21:31]} Ke6
{[%clk 0:05:56]} 38. Rc7 {[%clk 0:17:01]} Rd7 {[%clk 0:06:19]} 39. Rc4
{[%clk 0:17:10]} h5 {[%clk 0:06:25]} 40. h4 {[%clk 0:46:34]} Kf5 {[%clk 0:35:21]}
41. Ke2 {[%clk 0:45:28]} Ke5 {[%clk 0:21:40]} 42. Ke3 {[%clk 0:44:54]} Re7
{[%clk 0:21:04]} 43. Kf3 {[%clk 0:42:18]} Rd7 {[%clk 0:17:28]} 44. Ke3
{[%clk 0:40:36]} Kd6 {[%clk 0:13:37]} 45. a4 {[%clk 0:35:27]} Re7+
{[%clk 0:13:27]} 46. Kf3 {[%clk 0:34:41]} b5 {[%clk 0:12:07]} 47. Rb4
{[%clk 0:30:45]} Re5 {[%clk 0:12:14]} 48. hxg5 {[%clk 0:25:07]} fxg5
{[%clk 0:12:07]} 49. Rxb5 {[%clk 0:21:51]} Rxb5 {[%clk 0:12:28]} 50. axb5
{[%clk 0:22:17]} b6 {[%clk 0:10:01]} 51. Ke4 {[%clk 0:20:35]} Ke6
{[%clk 0:10:22]} 52. Kf3 {[%clk 0:08:05]} Ke5 {[%clk 0:09:34]} 53. Ke3
{[%clk 0:08:11]} Kd5 {[%clk 0:09:21]} 54. Kf3 {[%clk 0:06:24]} Kd4
{[%clk 0:09:23]} 55. b4 {[%clk 0:06:47]} Kd3 {[%clk 0:09:20]} 56. Kg3
{[%clk 0:06:39]} Ke3 {[%clk 0:09:12]} 57. Kh3 {[%clk 0:04:59]} Kf2
{[%clk 0:09:29]} 58. Kh2 {[%clk 0:05:21]} g4 {[%clk 0:09:50]} 59. Kh1
{[%clk 0:05:46]} h4 {[%clk 0:10:05]} 60. Kh2 {[%clk 0:06:05]} g3+
{[%clk 0:09:56]} 61. Kh3 {[%clk 0:06:30]} Kg1 {[%clk 0:10:17]} 0-1

[Event "WCO 2016"]
[Site "?"]
[Date "2016.09.11"]
[Round "9"]
[Board "7"]
[WhiteID "4901444"]
[White "Enkhtuul Altan-Ulzii"]
[BlackID "5202744"]
[Black "Secopito Catherine"]
[Result "1/2-1/2"]
[BlackElo "2119"]
[WhiteElo "2288"]
[LiveChessVersion "1.4.8"]

1. d4 {[%clk 1:30:57]} Nf6 {[%clk 1:30:38]} 2. Nf3 {[%clk 1:31:17]} e6
{[%clk 1:30:48]} 3. g3 {[%clk 1:31:24]} b5 {[%clk 1:30:55]} 4. Bg2
{[%clk 1:31:49]} Bb7 {[%clk 1:31:18]} 5. O-O {[%clk 1:32:05]} Be7
{[%clk 1:31:36]} 6. Bg5 {[%clk 1:32:16]} O-O {[%clk 1:31:14]} 7. Nbd2
{[%clk 1:32:36]} d6 {[%clk 1:29:45]} 8. Re1 {[%clk 1:28:23]} Ne4 {[%clk 1:22:03]}
9. Bxe7 {[%clk 1:27:53]} Qxe7 {[%clk 1:20:05]} 10. c4 {[%clk 1:19:29]} Nxd2
{[%clk 1:05:20]} 11. Qxd2 {[%clk 1:16:16]} a6 {[%clk 0:52:46]} 12. Qd3
{[%clk 1:15:49]} bxc4 {[%clk 0:47:25]} 13. Qxc4 {[%clk 1:16:11]} d5
{[%clk 0:47:43]} 14. Qc3 {[%clk 1:14:01]} Rc8 {[%clk 0:47:27]} 15. Rec1
{[%clk 1:13:45]} Nd7 {[%clk 0:47:04]} 16. b4 {[%clk 1:13:01]} a5 {[%clk 0:44:56]}
17. a3 {[%clk 1:09:59]} Ba6 {[%clk 0:40:21]} 18. e3 {[%clk 1:09:00]} axb4
{[%clk 0:40:40]} 19. axb4 {[%clk 1:09:17]} Bc4 {[%clk 0:41:04]} 20. Nd2
{[%clk 1:09:19]} Nb6 {[%clk 0:40:18]} 21. Nxc4 {[%clk 1:09:08]} Nxc4
{[%clk 0:40:09]} 22. Bf1 {[%clk 1:09:31]} Rxa1 {[%clk 0:37:06]} 23. Rxa1
{[%clk 1:09:39]} Nd6 {[%clk 0:33:14]} 24. Qc5 {[%clk 1:04:26]} Kf8
{[%clk 0:28:37]} 25. Ra7 {[%clk 1:01:39]} Ne8 {[%clk 0:26:10]} 26. Ba6
{[%clk 0:29:57]} Rb8 {[%clk 0:23:05]} 27. b5 {[%clk 0:29:46]} h6 {[%clk 0:17:26]}
28. Kg2 {[%clk 0:28:25]} Qd6 {[%clk 0:13:22]} 29. Rxc7 {[%clk 0:24:52]} Qxc5
{[%clk 0:12:02]} 30. Rxc5 {[%clk 0:25:20]} Nd6 {[%clk 0:12:22]} 31. f3
{[%clk 0:25:46]} Ke8 {[%clk 0:10:52]} 32. g4 {[%clk 0:24:58]} Kd7
{[%clk 0:10:07]} 33. Kf2 {[%clk 0:24:58]} f5 {[%clk 0:06:18]} 34. gxf5
{[%clk 0:24:39]} Nxf5 {[%clk 0:06:22]} 35. Ke2 {[%clk 0:24:07]} Nd6
{[%clk 0:06:27]} 36. Kd3 {[%clk 0:23:02]} Rf8 {[%clk 0:05:12]} 37. h4
{[%clk 0:15:16]} g5 {[%clk 0:03:58]} 38. hxg5 {[%clk 0:15:37]} hxg5
{[%clk 0:04:22]} 39. Ke2 {[%clk 0:10:30]} Rh8 {[%clk 0:03:51]} 40. Kf2
{[%clk 0:38:20]} g4 {[%clk 0:31:35]} 41. fxg4 {[%clk 0:31:28]} Ne4+
{[%clk 0:28:47]} 42. Kg2 {[%clk 0:31:57]} Nxc5 {[%clk 0:28:40]} 43. dxc5
{[%clk 0:32:26]} Kc7 {[%clk 0:25:06]} 44. Kg3 {[%clk 0:28:29]} Rf8
{[%clk 0:23:47]} 45. g5 {[%clk 0:28:29]} e5 {[%clk 0:15:25]} 46. g6
{[%clk 0:27:42]} Rf6 {[%clk 0:09:26]} 47. Kg4 {[%clk 0:28:00]} Rxg6+
{[%clk 0:09:48]} 48. Kf5 {[%clk 0:28:28]} Rg3 {[%clk 0:10:05]} 49. Kxe5
{[%clk 0:28:51]} Rxe3+ {[%clk 0:10:23]} 50. Kd4 {[%clk 0:27:53]} Re1
{[%clk 0:10:22]} 51. Kxd5 {[%clk 0:12:12]} Rd1+ {[%clk 0:10:44]} 52. Kc4
{[%clk 0:12:39]} Rc1+ {[%clk 0:11:10]} 53. Kb4 {[%clk 0:13:04]} Rb1+
{[%clk 0:11:31]} 54. Ka3 {[%clk 0:13:30]} Rg1 {[%clk 0:08:44]} 55. Kb4
{[%clk 0:06:46]} Rb1+ {[%clk 0:09:06]} 56. Ka5 {[%clk 0:06:47]} Ra1+
{[%clk 0:09:23]} 57. Kb4 {[%clk 0:07:13]} Rb1+ {[%clk 0:09:49]} 58. Ka3
{[%clk 0:07:39]} Rg1 {[%clk 0:10:13]} 59. Kb3 {[%clk 0:02:48]} Re1
{[%clk 0:09:10]} 60. Kc3 {[%clk 0:02:18]} Rc1+ {[%clk 0:09:05]} 61. Kd4
{[%clk 0:02:47]} Rd1+ {[%clk 0:09:16]} 62. Ke5 {[%clk 0:02:59]} Re1+
{[%clk 0:09:32]} 63. Kd5 {[%clk 0:03:13]} Rd1+ {[%clk 0:09:53]} 64. Ke4
{[%clk 0:03:38]} Re1+ {[%clk 0:08:59]} 65. Kd3 {[%clk 0:03:44]} Rg1
{[%clk 0:08:23]} 66. Kc3 {[%clk 0:01:31]} Rc1+ {[%clk 0:08:42]} 67. Kb4
{[%clk 0:02:01]} Rb1+ {[%clk 0:09:06]} 68. Ka3 {[%clk 0:02:27]} Rg1
{[%clk 0:09:29]} 69. b6+ {[%clk 0:02:50]} Kc6 {[%clk 0:09:34]} 70. b7
{[%clk 0:01:34]} Kc7 {[%clk 0:08:35]} 71. Ka4 {[%clk 0:01:20]} Ra1+
{[%clk 0:08:22]} 72. Kb5 {[%clk 0:01:49]} Rb1+ {[%clk 0:08:39]} 73. Kc4
{[%clk 0:02:15]} Rc1+ {[%clk 0:08:50]} 74. Kb5 {[%clk 0:02:05]} Rb1+
{[%clk 0:09:16]} 75. Kc4 {[%clk 0:02:20]} Rc1+ {[%clk 0:09:42]} 1/2-1/2